000 00338nam a2200133Ia 4500
008 240624s9999 xx 000 0 und d
041 _aeng
082 _a658.472 BEL
100 _aBELL JASON
245 _aMACHINE LEARNING FOR BIG DATA HANDS ON F
260 _c2015
_aNew Delhi
_bWiley
300 _a380 : p. : cm. ; 28
365 _cRS
_b33
999 _c26402
_d26402